000 00417nam a2200157Ia 4500
008 231217s9999 xx 000 0 und d
041 _aEnglish
082 _a621.395 MAL;12 `R'
100 _aMalvino, Albert Paul. Leach, Donald P
245 0 _aDigital principles and applications
250 _a4th ed.
260 _c1986
_bNew Delhi : TMH,
300 _aiv+540
650 _aDigital electronics
942 _cAA
999 _c164660
_d164660